Things That Are Round Quiz Stats

 Plays Quiz Updated Sep 28, 2018

Also try: Shape-ology
Challenge
Share
Tweet
Score 0/20 Timer 05:00
2 Plays Today
% Correct
Earth
99.5%
Bowling Ball
98.6%
Peas
97.6%
Pizza
97.5%
Meatball
96.6%
Golf Ball
96%
Compass
95.8%
Dart Board
95%
Album
94.8%
Billiard Balls
93.8%
% Correct
Frisbee
93.4%
Marbles
92.1%
Volleyball
91.5%
Bagel
91%
Roulette Wheel
82.9%
Magic 8 Ball
78.6%
Jawbreaker
68.7%
Spaceship Earth
64.1%
Golden Snitch
61.4%
Pill Bug
32.8%

You're not logged in!

Compare scores with friends on all Sporcle quizzes.
OR
Log In

You Might Also Like...

Show Comments

Extras

Top Quizzes Today


Score Distribution

Your Account Isn't Verified!

In order to create a playlist on Sporcle, you need to verify the email address you used during registration. Go to your Sporcle Settings to finish the process.

Report this User

Report this user for behavior that violates our Community Guidelines.

Details: